Music Quiz

Random Music Quiz

Who knows lyrics by the Zac Brown Band Quiz Stats

 Plays Quiz not verified by Sporcle

Score 0/176 Timer 10:00
0 Plays Today
% Correct
a
86.2%
the
86.2%
the
86.2%
the
86.2%
and
86.2%
the
86.2%
the
86.2%
the
86.2%
and
86.2%
the
86.2%
and
86.2%
a
86.2%
the
86.2%
the
86.2%
the
86.2%
the
86.2%
to
69%
to
69%
to
69%
to
69%
to
69%
we
61.2%
we
61.2%
we
61.2%
we
61.2%
we
61.2%
me
60.3%
me
60.3%
he
57.8%
be
56.9%
be
56.9%
be
56.9%
is
54.3%
is
54.3%
it
54.3%
it
54.3%
is
54.3%
i
51.7%
on
50.9%
what
50.9%
on
50.9%
on
50.9%
on
50.9%
my
50%
my
50%
my
50%
when
48.3%
when
48.3%
when
48.3%
no
45.7%
no
45.7%
no
45.7%
was
44%
where
44%
that
43.1%
that
43.1%
who
43.1%
who
43.1%
that
43.1%
% Correct
who
43.1%
that
43.1%
free
42.2%
will
41.4%
will
41.4%
will
41.4%
will
41.4%
for
39.7%
for
39.7%
they
37.9%
said
36.2%
wind
36.2%
your
36.2%
your
36.2%
wind
36.2%
day
35.3%
knows
34.5%
knows
34.5%
way
34.5%
well
33.6%
but
33.6%
but
33.6%
never
32.8%
blow
31.9%
could
29.3%
baby
28.4%
told
28.4%
how
28.4%
sun
28.4%
shine
28.4%
shine
28.4%
child
27.6%
down
27.6%
bring
27.6%
wont
27.6%
time
27.6%
down
27.6%
down
27.6%
child
27.6%
one
27.6%
light
26.7%
daddy
25.9%
about
25.9%
would
25.9%
more
25.9%
more
25.9%
not
25.9%
dont
25.9%
nights
25%
maybe
25%
maybe
25%
which
25%
back
25%
hear
25%
nights
25%
its
25%
need
24.1%
days
24.1%
thunder
24.1%
% Correct
hold
24.1%
days
24.1%
blowing
23.3%
cry
23.3%
before
22.4%
storm
22.4%
lightning
22.4%
storm
22.4%
these
22.4%
many
21.6%
must
21.6%
cover
21.6%
dreams
21.6%
look
21.6%
things
21.6%
out
21.6%
bruises
20.7%
knees
20.7%
theres
20.7%
earth
20.7%
mountains
19.8%
climb
19.8%
leads
19%
map
19%
forty
19%
forty
19%
tomorrow
19%
forty
19%
forty
19%
let
19%
everyone
18.1%
sing
18.1%
up
16.4%
last
15.5%
oh
15.5%
words
14.7%
gonna
14.7%
rock
13.8%
darkness
13.8%
lifted
13.8%
goes
12.1%
goes
12.1%
til
12.1%
solid
11.2%
now
11.2%
blindly
10.3%
searching
10.3%
truth
10.3%
cause
10.3%
lamp
9.5%
wandering
8.6%
anchored
7.8%
harsh
6.9%
whoa
3.4%
sund
0.9%
tilt
0.9%
guide
0.9%
donw
0%

You're not logged in!

Compare scores with friends on all Sporcle quizzes.
OR
Log In

You Might Also Like...

Show Comments

Extras

Created May 14, 2012ReportNominate
Tags:brown, zac

Top Quizzes Today


Score Distribution

Your Account Isn't Verified!

In order to create a playlist on Sporcle, you need to verify the email address you used during registration. Go to your Sporcle Settings to finish the process.

Report this User

Report this user for behavior that violates our Community Guidelines.

Details: